000
00261nam a2200097Ia 4500
082
_a
EJF SMIT
245
0
_a
Furnace : death sentence
100
_a
Smith, Alexander Gordon, London, 2009
_9
55555
942
_c
BK
008
210817s9999 xx 000 0 und d
999
_c
174661
_d
174661